000 00756nam a22002297a 4500
003 UA-OsUOA
001 29792
007 ta
008 20041027b un ||||| |||| 00| 0 ukr d
090 _a82.09(477)
_bШ37
942 _cBK
040 _aUA-OsUOA
_bukr
_cUA-OsUOA
_dUA-OsUOA
245 _aШевченківські місця України
_cСост. Д. Ф.Красицький Л. Є.махновець П. Г.Приходько В. О.Савченко Є. О.Середа М. М.Ткаченко
300 _a162 с.
955 _a0
041 _aukr
080 _a82.09(477)
260 _aКиїв
_bВидавництво Академії наук Української РСР
_c1957
044 _aUA
650 7 _2UDC
999 _c316190
_d316190